Формальная модель структуры взаимосвязей разнотипных объектов проектирования; Известия Томского политехнического университета [Известия ТПУ]; Т. 322, № 5 : Управление, вычислительная техника и информатика

Detalles Bibliográficos
Parent link:Известия Томского политехнического университета [Известия ТПУ]/ Томский политехнический университет (ТПУ).— , 2000-
Т. 322, № 5 : Управление, вычислительная техника и информатика.— 2013.— [С. 164-169]
Autor principal: Вичугова А. А. Анна Александровна
Otros Autores: Вичугов В. Н. Владимир Николаевич, Цапко Г. П. Геннадий Павлович
Sumario:Заглавие с титульного листа
Электронная версия печатной публикации
В рамках развития существующих теоретических и практических положений технологий информационной поддержки жизненного цикла изделий поставлена задача разработки метода, позволяющего структурировать сущности, создаваемые при проектировании высокотехнологичной продукции на примере радиоэлектроники. Составлены теоретико-множественные модели, описывающие состав и взаимозависимости разнотипных объектов проектирования: изделие, его информационные модели, электронная структура и конструкторская документация. С использованием объектно-ориентированного подхода выполнено концептуальное проектирование базы данных: определен набор атрибутов, характеризующих стадии жизненного цикла рассматриваемых объектов проектирования, и предложена формальная информационная модель структуры их взаимосвязей в виде UML-диаграммы классов.
Lenguaje:ruso
Publicado: 2013
Colección:Интеллектуальные системы
Materias:
Acceso en línea:http://earchive.tpu.ru/bitstream/11683/4824/1/bulletin_tpu-2013-322-5-33.pdf
Formato: MixedMaterials Electrónico Capítulo de libro
KOHA link:https://koha.lib.tpu.ru/cgi-bin/koha/opac-detail.pl?biblionumber=240470

MARC

LEADER 00000nla2a2200000 4500
001 240470
005 20231031205705.0
035 |a (RuTPU)RU\TPU\book\261727 
035 |a RU\TPU\book\261726 
090 |a 240470 
100 |a 20130621d2013 k y0rusy50 ca 
101 0 |a rus 
102 |a RU 
135 |a drnn ---uucaa 
181 0 |a i  
182 0 |a b 
200 1 |a Формальная модель структуры взаимосвязей разнотипных объектов проектирования  |b Электронный ресурс  |f А. А. Вичугова, В. Н. Вичугов, Г. П. Цапко 
203 |a Текст  |c электронный 
215 |a 1 файл (212 Кб) 
225 1 |a Интеллектуальные системы 
230 |a Электронные текстовые данные (1 файл : 212 Кб) 
300 |a Заглавие с титульного листа 
300 |a Электронная версия печатной публикации 
320 |a [Библиогр.: с. 169 (4 назв.)] 
330 |a В рамках развития существующих теоретических и практических положений технологий информационной поддержки жизненного цикла изделий поставлена задача разработки метода, позволяющего структурировать сущности, создаваемые при проектировании высокотехнологичной продукции на примере радиоэлектроники. Составлены теоретико-множественные модели, описывающие состав и взаимозависимости разнотипных объектов проектирования: изделие, его информационные модели, электронная структура и конструкторская документация. С использованием объектно-ориентированного подхода выполнено концептуальное проектирование базы данных: определен набор атрибутов, характеризующих стадии жизненного цикла рассматриваемых объектов проектирования, и предложена формальная информационная модель структуры их взаимосвязей в виде UML-диаграммы классов. 
337 |a Adobe Reader 
461 1 |0 (RuTPU)RU\TPU\book\176237  |t Известия Томского политехнического университета [Известия ТПУ]  |f Томский политехнический университет (ТПУ)  |d 2000- 
463 1 |0 (RuTPU)RU\TPU\book\261554  |x 1684-8519  |t Т. 322, № 5 : Управление, вычислительная техника и информатика  |v [С. 164-169]  |d 2013  |p 227 с. 
610 1 |a объектно-ориентированный подход 
610 1 |a теоретико-множественные модели 
610 1 |a разнотипные взаимосвязанные объекты 
610 1 |a структурирование 
610 1 |a труды учёных ТПУ 
610 1 |a электронный ресурс 
700 1 |a Вичугова  |b А. А.  |c специалист в области информатики и вычислительной техники  |c ассистент кафедры автоматики и компьютерных систем (АИКС) Института кибернетики Томского политехнического университета  |f 1986-  |g Анна Александровна  |2 stltpush  |3 (RuTPU)RU\TPU\pers\28982 
701 1 |a Вичугов  |b В. Н.  |c специалист в области автоматического управления  |c доцент Томского политехнического университета, кандидат технических наук  |f 1982-  |g Владимир Николаевич  |2 stltpush  |3 (RuTPU)RU\TPU\pers\25929 
701 1 |a Цапко  |b Г. П.  |c специалист в области автоматики и компьютерных систем  |c профессор Томского политехнического университета, доктор технических наук  |f 1949-  |g Геннадий Павлович  |2 stltpush  |3 (RuTPU)RU\TPU\pers\22020 
801 1 |a RU  |b 63413507  |c 20090623  |g PSBO 
801 2 |a RU  |b 63413507  |c 20220204  |g PSBO 
856 4 |u http://earchive.tpu.ru/bitstream/11683/4824/1/bulletin_tpu-2013-322-5-33.pdf 
942 |c CF